The third wave

Uloženo v:
Podrobná bibliografie
Hlavní autor: Toffler, Alvin
Médium: Kniha
Jazyk:Undetermined
Vydáno: New York William Morrow and Company, Inc 1980
Témata:
Tagy: Přidat tag
Žádné tagy, Buďte první, kdo otaguje tento záznam!
Thư viện lưu trữ: Trung tâm Học liệu Trường Đại học Cần Thơ
LEADER 00475nam a2200181Ia 4500
001 CTU_84370
008 210402s9999 xx 000 0 und d
082 |a 303.4 
082 |b T644 
100 |a Toffler, Alvin 
245 4 |a The third wave 
245 0 |c Alvin Toffler 
260 |a New York 
260 |b William Morrow and Company, Inc 
260 |c 1980 
650 |a Social history 
904 |i QHieu(sửa) 
980 |a Trung tâm Học liệu Trường Đại học Cần Thơ